Zmesi PLA/PHB pre 3D tlač

Na minha lista:
Detalhes bibliográficos
Autor principal: Ondria, Matúš (Author)
Outros Autores: Plavec, Roderik (Thesis advisor)
Formato: Manuscrito Livro
Idioma:eslovaco
Publicado em: 2019
Assuntos:
Acesso em linha:http://is.stuba.sk/zp/portal_zp.pl?podrobnosti=149052
Tags: Adicionar Tag
Sem tags, seja o primeiro a adicionar uma tag!

MARC

LEADER 00000ntm a22000003a 4500
001 stuzp73937
003 SK-STU
005 20190622211433.0
007 ta
008 150427s2015----xo-----f-mn---000-0-slo-d
040 |a STU  |b slo 
041 0 |a slo 
100 1 |a Ondria, Matúš  |u 049370  |4 aut  |U FCHPT Ústav prírodných a syntetických polymérov  |T FCHPT Oddelenie plastov, kaučuku a vlákien  |X 76427  |U C9370  |Y 128  |7 76427 
242 0 1 |a The Blends of PLA/PHB for 3D Printing  |y eng 
245 1 0 |a Zmesi PLA/PHB pre 3D tlač 
260 |c 2019 
650 4 |a kyselina polymliečna  |2 slo 
650 4 |a biodegradovateľný polymér  |2 slo 
650 4 |a 3D tlač  |2 slo 
650 4 |a polylactic acid  |2 eng 
650 4 |a biodegradable polymer  |2 eng 
650 4 |a 3D printing  |2 eng 
700 1 |a Plavec, Roderik  |u 049370  |k Z2  |4 ths  |U FCHPT Ústav prírodných a syntetických polymérov  |T FCHPT Oddelenie plastov, kaučuku a vlákien  |X 26421  |U C9370  |Y 128  |7 A000026421 
856 4 |u http://is.stuba.sk/zp/portal_zp.pl?podrobnosti=149052